[Event "GER-chT U14 Girls"]
[Site "Dittrichshuette"]
[Date "2004.12.28"]
[Round "3.2"]
[White "Starke, Louisa"]
[Black "Kuhn, Ina"]
[Result "0-1"]
[WhiteElo "900"]
[BlackElo "1000"]
[PlyCount "179"]
[EventDate "2004.12.27"]
[EventType "team"]
[EventRounds "6"]
[EventCountry "GER"]
[SourceTitle "EXT 2006"]
[Source "ChessBase"]
[SourceDate "2005.11.24"]
[SourceVersion "1"]
[SourceVersionDate "2005.11.24"]
[SourceQuality "1"]

1. e4 c5 2. Nf3 Nc6 3. Bb5 g6 4. Nc3 Bg7 5. 0-0 Nf6 6. d3 0-0 7. Bg5 d6 8. h3 h6 9. Bh4 Kh7 10. Qd2 Bd7 11. Rab1 a6 12. Ba4 b5 13. Bb3 b4 14. Nd5 Nxd5 15. exd5 Nd4 16. Nxd4 Bxd4 17. Rfe1 Re8 18. Qe2 Bf6 19. Bg3 Bb5 20. Bf4 Qc7 21. Bd2 a5 22. Qe3 Bg7 23. Qf4 Rf8 24. Qh4 Rae8 25. Bg5 f6 26. Bd2 a4 27. Bc4 Qb7 28. Re2 Bxc4 29. dxc4 b3 30. cxb3 axb3 31. axb3 Qxb3 32. Rbe1 Qxb2 33. Rxe7 Rxe7 34. Rxe7 Qxd2 35. Kh1 Qg5 36. Qe4 f5 37. Qe6 Qf6 38. Qxf6 Rxf6 39. Rd7 f4 40. g3 fxg3 41. fxg3 Kg8 42. Rd8+ Bf8 43. Re8 Rf3 44. Kg2 Rc3 45. Re6 Kg7 46. Re4 Rc2+ 47. Kf3 Rh2 48. Rh4 g5 49. Re4 Rxh3 50. Kg4 Rh1 51. Kf3 Rh3 52. Kg4 Rh1 53. Kf3 Rc1 54. Kg4 Rf1 55. Kh3 Kg6 56. Re6+ Rf6 57. Re4 h5 58. Kg2 g4 59. Kh2 Kg5 60. Kg2 h4 61. gxh4+ Kxh4 62. Re3 Bh6 63. Rd3 Bf4 64. Rb3 Be5 65. Re3 g3 66. Re4+ Rf4 67. Re3 Rxc4 68. Rf3 Rf4 69. Rxg3 Rf2+ 70. Kxf2 Bxg3+ 71. Kf3 Be5 72. Ke4 Kg4 73. Kd3 Kf5 74. Kc4 Ke4 75. Kb5 Kxd5 76. Ka4 c4 77. Kb4 Kd4 78. Ka4 c3 79. Ka3 Kd3 80. Ka2 c2 81. Kb3 c1Q 82. Kb4 Qc5+ 83. Kb3 Qc3+ 84. Ka4 Qb2 85. Ka5 Qb3 86. Ka6 Qb4 87. Ka7 Qb5 88. Ka8 d5 89. Ka7 Kd4 90. Ka8 0-1